HANDWRITING IDENTIFICATION (Record no. 34723)

MARC details
000 -LEADER
fixed length control field 00295nam a22001337a 4500
003 - CONTROL NUMBER IDENTIFIER
control field SGT
020 ## - INTERNATIONAL STANDARD BOOK NUMBER
International Standard Book Number 9780367778255
082 ## - DEWEY DECIMAL CLASSIFICATION NUMBER
Classification number 363.25
Item number HAR
100 ## - MAIN ENTRY--PERSONAL NAME
Personal name HARRALSON HEIDI H
245 ## - TITLE STATEMENT
Title HANDWRITING IDENTIFICATION
260 ## - PUBLICATION, DISTRIBUTION, ETC. (IMPRINT)
Place of publication, distribution, etc LONDON
Name of publisher, distributor, etc CRC PRESS
Year of Publication 2020
300 ## - PAGE DESCRIPTION
No. of Pages 420
942 ## - ADDED ENTRY ELEMENTS (KOHA)
Source of classification or shelving scheme Dewey Decimal Classification
Koha item type Books
Holdings
Withdrawn status Lost status Source of classification or shelving scheme Damaged status Not for loan Collection code Home library Current library Shelving location Date acquired Vendor Name Cost, normal purchase price SGTU Bill Number Total Checkouts Full call number Accession No. (Barcode) Date last seen Bill Date Koha item type
    Dewey Decimal Classification   Not For Loan SCIENCE SGT Science & Social Sciences Library SGT Science & Social Sciences Library Reference Book 29/04/2026 ABC PUB 9196.96 SGTU 22928   363.25 HAR PS7515 29/04/2026 22/04/2026 Books